<?xml version="1.0" encoding="UTF-8"?>
<record
    xmlns:xsi="http://www.w3.org/2001/XMLSchema-instance"
    xsi:schemaLocation="http://www.loc.gov/MARC21/slim http://www.loc.gov/standards/marcxml/schema/MARC21slim.xsd"
    xmlns="http://www.loc.gov/MARC21/slim">

  <leader>10456nkc a22006737a 4500</leader>
  <controlfield tag="001">85835</controlfield>
  <controlfield tag="005">20260429100644.0</controlfield>
  <controlfield tag="007">kh bo </controlfield>
  <controlfield tag="008">260422s1960    sp ||||| |||| |0| i|spa d</controlfield>
  <datafield tag="040" ind1=" " ind2=" ">
    <subfield code="a">M-RABA</subfield>
    <subfield code="b">spa</subfield>
    <subfield code="c">M-RABA</subfield>
  </datafield>
  <datafield tag="245" ind1="0" ind2="1">
    <subfield code="a">[Diego Vel&#xE1;zquez</subfield>
    <subfield code="b">: obras de su taller en Estados Unidos]</subfield>
    <subfield code="h">[Material gr&#xE1;fico]</subfield>
  </datafield>
  <datafield tag="260" ind1=" " ind2=" ">
    <subfield code="c">[ca. 1960]</subfield>
  </datafield>
  <datafield tag="300" ind1=" " ind2=" ">
    <subfield code="a">16 fotograf&#xED;as</subfield>
    <subfield code="b">: reproducci&#xF3;n fotomec&#xE1;nica</subfield>
    <subfield code="c">; 12,5 x 10,6 cm (medidas m&#xED;nimas)</subfield>
    <subfield code="c">; 27 x 24 cm (medidas m&#xE1;ximas)</subfield>
  </datafield>
  <datafield tag="500" ind1="0" ind2="0">
    <subfield code="a">Conjunto de 16 fotograf&#xED;as que representan diferentes obras del pintor espa&#xF1;ol Diego Vel&#xE1;zquez que realiz&#xF3; en uno de sus talleres en Estados Unidos y que actualmente se conservan (la gran mayor&#xED;a) en diferentes museos de este pa&#xED;s. Las fotograf&#xED;as van acompa&#xF1;adas adem&#xE1;s de un sobre con anotaciones manuscritas a tinta: "Fots. Vel&#xE1;zquez en taller en los Estados Unidos. (La fot. mayor de S. Juan del Museo de Chicago en la carpeta general de fotograf&#xED;as velazque&#xF1;as)".</subfield>
  </datafield>
  <datafield tag="500" ind1="0" ind2="0">
    <subfield code="a">Anotaciones manuscritas a l&#xE1;piz en el verso de las im&#xE1;genes: "Velazquez- Portrait of the Infanta Mar&#xED;a Theresa. B2691" (Fot-781) ; "Velazquez, Diego Rodr&#xED;guez de Silva 1599-1660. Portrait of a little girl". Filigrana en el papel "Hispanic Society of America" (Fot-782); "M. Metropolitan N.York. Vel. 24373R"(Fot-783); "Velazquez, Diego Rodr&#xED;guez de Silva 1599-1660. A Crdinal, probably Camillo Pamfili". Filigrana en el papel "Hispanic Society of America" (Fot-784); "Velazquez, Diego Rodr&#xED;guez de Silva 1599-1660. Gaspar de Guzm&#xE1;n, Count-Duke of Olivares" (Fot-785); "N.York. M. Metropolitano (Altman Col.). Procedente de la Coll. Villahermosa. V. M&#xE9;lida, etc." (Fot-786); "(..) cree G&#xF3;mez Moreno me (..) atentamente (la mir&#xF3; con lupa m&#xE1;s all&#xE1;) en otro lado (..) sin acabar" (Fot-787); "Col. Emery. Preguntar si ignora que tiene una proced. seg&#xFA;n y ? (..)" (Fot-789); "Man with the Wine Glass. Velsquez. The Toledo Museun of Arte. Gift of Edward Drummond Libbey. Exhibited in Metropolitan Museum, New York, 1928" (Fot-790); "Velasquez. Isabella, wife of Philip IV of Spain. Max Epstein Colection. Las manos no le gusta a G&#xF3;mez Moreno. (..) de la valent&#xED;a velazque&#xF1;a en el traje" (Fot-792); ilegible (Fot-793); "Mayer Burlington Magazine. Enero 1922. Perteneci&#xF3; (1845) a William. Seg&#xFA;n Mayer cosa que no creo exacta pues el lienzo de Deering es mayor que el alto a (..) medidas que da el cat. de Curtis -1,40 x 1.06- cita Curtis bastante bibliograf&#xED;a del cuadro propiedad de William Standish y Louis Felipe. Otra (..) mayor en Guernica. 67 x 59 inches. Owner, Charles Deering Esq. 137 S&#xAA; La Salle, S&#xAA; Chicago, USA" (Fot-794); "Spanish School Drawing. Leonora Hall Gurley Memorial Collection. Lo estudio Mayer, (..) cree espa&#xF1;ol" (Fot-795); "Pareja, Juan. Communion of St. Mary Magdalene. Loan Collection" (Fot-796).</subfield>
  </datafield>
  <datafield tag="500" ind1="0" ind2="0">
    <subfield code="a">Sello a tinta en el verso: "Museum of Fine Arts. Boston, Massachusets" (Fot-781) ; "29'' x 32-1/2'' canvas. Woman at Work by Velasquez" (Fot-787); "Cincinnati Museum Association. Photograph No. 1776" (Fot-788); "Cincinnati Museum Association. Photograph No. 3321" (Fot-789) ; "Museum of Fine Arts. Boston, Massachusets" (Fot-791) ; "The Arte Institute of Chicago. Photograph Department. Neg. No. C7744" (Fot-792) ; "A. C. COOPER. Fine Art Photographer, 10, Rose and Crown Yard. ST. James, S.W.1. Gerrard 1891" (Fot-794) ; "The Arte Institute of Chicago. Photograph Department. Neg. No. C7376" (Fot-795) ; "The Arte Institute of Chicago. Photograph Department. Neg. No. C6085" (Fot-796).</subfield>
  </datafield>
  <datafield tag="505" ind1=" " ind2=" ">
    <subfield code="a">"Infanta Mar&#xED;a Teresa". Museum of Fine Arts de Boston (Fot-781) -- "Retrato de una joven". Metropolitan Museum of Art (Fot-782) -- "Cena de Ema&#xFA;s". Metropolitan Museum of Art (Fot-783) -- "Camillo Astalli o El cardenal Pamphili". Hispanic Society New York (Fot-784) -- "Conde duque de Olivares". Colecci&#xF3;n V&#xE1;rez Fisa, Madrid (Fot-785) -- "Felipe IV". Meadows Museum, Dallas (Fot-786) -- "La costurera". National Gallery of Washington (Fot-787) -- "Mujer con chal blanco". Museo de Cincinati (Fot-788) -- "Felipe IV". Museo del Prado (Fot-789) -- "Hombre con un vaso de vino". Toledo Museum of Art, Ohio (Fot-790) -- "El pr&#xED;ncipe Baltasar Carlos con un enano". Museum of Fine Arts de Boston (Fot-791) -- "Retrato de la reina Isabel de Borb&#xF3;n". Museo de Bellas Artes de Viena (Fot-792) -- "Trabajo". Art Institute de Chicago (Fot-793) -- "San Juan Bautista en el desierto". Art Institute de Chicago (Fot-794) -- "Retrato de un muchacho". Art Institute de Chicago (Fot-795) -- "Comuni&#xF3;n de Santa Mar&#xED;a Magdalena". (Ubicaci&#xF3;n desconocida). Este cuadro est&#xE1; firmado por Juan Pareja, uno de los asistentes de Diego Vel&#xE1;zquez (Fot-796). </subfield>
  </datafield>
  <datafield tag="600" ind1="1" ind2="7">
    <subfield code="a">Vel&#xE1;zquez, Diego (</subfield>
    <subfield code="d">1599-1660)</subfield>
    <subfield code="9">23990</subfield>
  </datafield>
  <datafield tag="610" ind1="2" ind2="7">
    <subfield code="a">Fine Arts Museum (Boston)</subfield>
    <subfield code="9">50897</subfield>
  </datafield>
  <datafield tag="610" ind1="2" ind2="7">
    <subfield code="a">Hispanic Society of America.</subfield>
    <subfield code="9">50992</subfield>
  </datafield>
  <datafield tag="610" ind1="2" ind2="7">
    <subfield code="a">Cincinnati Art Museum</subfield>
    <subfield code="9">19953</subfield>
  </datafield>
  <datafield tag="610" ind1="2" ind2="7">
    <subfield code="a">Metropolitan Museum of Art.</subfield>
    <subfield code="9">51230</subfield>
  </datafield>
  <datafield tag="610" ind1="2" ind2="7">
    <subfield code="a">Art Institute of Chicago</subfield>
    <subfield code="2">embne</subfield>
    <subfield code="9">5395</subfield>
  </datafield>
  <datafield tag="651" ind1=" " ind2="7">
    <subfield code="a">Estados Unidos.</subfield>
    <subfield code="9">54103</subfield>
  </datafield>
  <datafield tag="655" ind1=" " ind2="7">
    <subfield code="a">Fotograf&#xED;as de obras de arte</subfield>
    <subfield code="9">75675</subfield>
  </datafield>
  <datafield tag="852" ind1=" " ind2=" ">
    <subfield code="j">Fot-781; Fot-782; Fot-783; Fot-784; Fot-785; Fot-786; Fot-787; Fot-788; Fot-789; Fot-790; Fot-791; Fot-792; Fot-793; Fot-794; Fot-795; Fot-796</subfield>
  </datafield>
  <datafield tag="856" ind1=" " ind2=" ">
    <subfield code="u">https://archivoybiblioteca.realacademiabellasartessanfernando.com/cgi-bin/koha/opac-retrieve-file.pl?id=b9a830a188624eb56dac0f307fc4839c</subfield>
    <subfield code="y">Fot-781r</subfield>
  </datafield>
  <datafield tag="856" ind1=" " ind2=" ">
    <subfield code="u">https://archivoybiblioteca.realacademiabellasartessanfernando.com/cgi-bin/koha/opac-retrieve-file.pl?id=8715bc89ea872c585d3e6df8b6db3b41</subfield>
    <subfield code="y">Fot-781v</subfield>
  </datafield>
  <datafield tag="856" ind1=" " ind2=" ">
    <subfield code="u">https://archivoybiblioteca.realacademiabellasartessanfernando.com/cgi-bin/koha/opac-retrieve-file.pl?id=5b26e24c4465e268b04c647bf826946a</subfield>
    <subfield code="y">Fot-782r</subfield>
  </datafield>
  <datafield tag="856" ind1=" " ind2=" ">
    <subfield code="u">https://archivoybiblioteca.realacademiabellasartessanfernando.com/cgi-bin/koha/opac-retrieve-file.pl?id=8c956e21242009b22d5a37da0534ac81</subfield>
    <subfield code="y">Fot-782v</subfield>
  </datafield>
  <datafield tag="856" ind1=" " ind2=" ">
    <subfield code="u">https://archivoybiblioteca.realacademiabellasartessanfernando.com/cgi-bin/koha/opac-retrieve-file.pl?id=da02466a039f8f99125c75818a07463c</subfield>
    <subfield code="y">Fot-783r</subfield>
  </datafield>
  <datafield tag="856" ind1=" " ind2=" ">
    <subfield code="u">https://archivoybiblioteca.realacademiabellasartessanfernando.com/cgi-bin/koha/opac-retrieve-file.pl?id=47bfaed0f56c85b15b8663bd35a6d964</subfield>
    <subfield code="y">Fot-783v</subfield>
  </datafield>
  <datafield tag="856" ind1=" " ind2=" ">
    <subfield code="u">https://archivoybiblioteca.realacademiabellasartessanfernando.com/cgi-bin/koha/opac-retrieve-file.pl?id=b70bbf464f0b582491871b0826f2a150</subfield>
    <subfield code="y">Fot-784r</subfield>
  </datafield>
  <datafield tag="856" ind1=" " ind2=" ">
    <subfield code="u">https://archivoybiblioteca.realacademiabellasartessanfernando.com/cgi-bin/koha/opac-retrieve-file.pl?id=7227e6e0e155edb629eedc66071127e3</subfield>
    <subfield code="y">Fot-784v</subfield>
  </datafield>
  <datafield tag="856" ind1=" " ind2=" ">
    <subfield code="u">https://archivoybiblioteca.realacademiabellasartessanfernando.com/cgi-bin/koha/opac-retrieve-file.pl?id=737ce9541b2b18d9d58a9e1285848185</subfield>
    <subfield code="y">Fot-785r</subfield>
  </datafield>
  <datafield tag="856" ind1=" " ind2=" ">
    <subfield code="u">https://archivoybiblioteca.realacademiabellasartessanfernando.com/cgi-bin/koha/opac-retrieve-file.pl?id=cdcc876903e1233210eab6039bf3406e</subfield>
    <subfield code="y">Fot-785v</subfield>
  </datafield>
  <datafield tag="856" ind1=" " ind2=" ">
    <subfield code="u">https://archivoybiblioteca.realacademiabellasartessanfernando.com/cgi-bin/koha/opac-retrieve-file.pl?id=a915f75714496c8ac1c2eb32defb3b01</subfield>
    <subfield code="y">Fot-786r</subfield>
  </datafield>
  <datafield tag="856" ind1=" " ind2=" ">
    <subfield code="u">https://archivoybiblioteca.realacademiabellasartessanfernando.com/cgi-bin/koha/opac-retrieve-file.pl?id=b6d8cb0ecac4b868b37ec61a8a74f12c</subfield>
    <subfield code="y">Fot-786v</subfield>
  </datafield>
  <datafield tag="856" ind1=" " ind2=" ">
    <subfield code="u">https://archivoybiblioteca.realacademiabellasartessanfernando.com/cgi-bin/koha/opac-retrieve-file.pl?id=97f81d5a80d95b2892bb2a24e2531857</subfield>
    <subfield code="y">Fot-787r</subfield>
  </datafield>
  <datafield tag="856" ind1=" " ind2=" ">
    <subfield code="u">https://archivoybiblioteca.realacademiabellasartessanfernando.com/cgi-bin/koha/opac-retrieve-file.pl?id=84010fb356a4152cf9f3f1f16416108e</subfield>
    <subfield code="y">Fot-787v</subfield>
  </datafield>
  <datafield tag="856" ind1=" " ind2=" ">
    <subfield code="u">https://archivoybiblioteca.realacademiabellasartessanfernando.com/cgi-bin/koha/opac-retrieve-file.pl?id=442c8080fcb79839a1ce0bcd4e69eb08</subfield>
    <subfield code="y">Fot-788r</subfield>
  </datafield>
  <datafield tag="856" ind1=" " ind2=" ">
    <subfield code="u">https://archivoybiblioteca.realacademiabellasartessanfernando.com/cgi-bin/koha/opac-retrieve-file.pl?id=f929870d9f368414fa9c98766ee6736e</subfield>
    <subfield code="y">Fot-788v</subfield>
  </datafield>
  <datafield tag="856" ind1=" " ind2=" ">
    <subfield code="u">https://archivoybiblioteca.realacademiabellasartessanfernando.com/cgi-bin/koha/opac-retrieve-file.pl?id=501fca81a44a0508daeb846e9460e66e</subfield>
    <subfield code="y">Fot-789</subfield>
  </datafield>
  <datafield tag="856" ind1=" " ind2=" ">
    <subfield code="u">https://archivoybiblioteca.realacademiabellasartessanfernando.com/cgi-bin/koha/opac-retrieve-file.pl?id=5313e769adf6e0bed978375a3e83a66e</subfield>
    <subfield code="y">Fot-790r</subfield>
  </datafield>
  <datafield tag="856" ind1=" " ind2=" ">
    <subfield code="u">https://archivoybiblioteca.realacademiabellasartessanfernando.com/cgi-bin/koha/opac-retrieve-file.pl?id=8b8098ef49a7f691405becd7bfe99a4b</subfield>
    <subfield code="y">Fot-790v</subfield>
  </datafield>
  <datafield tag="856" ind1=" " ind2=" ">
    <subfield code="u">https://archivoybiblioteca.realacademiabellasartessanfernando.com/cgi-bin/koha/opac-retrieve-file.pl?id=a2210a2e7e8ac5038065ae6f11a7f9ce</subfield>
    <subfield code="y">Fot-791r</subfield>
  </datafield>
  <datafield tag="856" ind1=" " ind2=" ">
    <subfield code="u">https://archivoybiblioteca.realacademiabellasartessanfernando.com/cgi-bin/koha/opac-retrieve-file.pl?id=ab01c19cd05371fc2051717e76762add</subfield>
    <subfield code="y">Fot-791v</subfield>
  </datafield>
  <datafield tag="856" ind1=" " ind2=" ">
    <subfield code="u">https://archivoybiblioteca.realacademiabellasartessanfernando.com/cgi-bin/koha/opac-retrieve-file.pl?id=064748d53e4af788561f1eb4b432b1f9</subfield>
    <subfield code="y">Fot-792r</subfield>
  </datafield>
  <datafield tag="856" ind1=" " ind2=" ">
    <subfield code="u">https://archivoybiblioteca.realacademiabellasartessanfernando.com/cgi-bin/koha/opac-retrieve-file.pl?id=6231c78e5a094df9980489279daf4900</subfield>
    <subfield code="y">Fot-792v</subfield>
  </datafield>
  <datafield tag="856" ind1=" " ind2=" ">
    <subfield code="u">https://archivoybiblioteca.realacademiabellasartessanfernando.com/cgi-bin/koha/opac-retrieve-file.pl?id=2d8110b3c2b7f84339bc37d9df86d6e8</subfield>
    <subfield code="y">Fot-793r</subfield>
  </datafield>
  <datafield tag="856" ind1=" " ind2=" ">
    <subfield code="u">https://archivoybiblioteca.realacademiabellasartessanfernando.com/cgi-bin/koha/opac-retrieve-file.pl?id=0fd49613ab35769c571a561e7203dd4c</subfield>
    <subfield code="y">Fot-793v</subfield>
  </datafield>
  <datafield tag="856" ind1=" " ind2=" ">
    <subfield code="u">https://archivoybiblioteca.realacademiabellasartessanfernando.com/cgi-bin/koha/opac-retrieve-file.pl?id=e62a41cf1167024b168a5942ef094638</subfield>
    <subfield code="u">https://archivoybiblioteca.realacademiabellasartessanfernando.com/cgi-bin/koha/opac-retrieve-file.pl?id=c81d114e7e89dd4ba591f8f064797643</subfield>
    <subfield code="y">Fot-794r</subfield>
  </datafield>
  <datafield tag="856" ind1=" " ind2=" ">
    <subfield code="u">https://archivoybiblioteca.realacademiabellasartessanfernando.com/cgi-bin/koha/opac-retrieve-file.pl?id=c81d114e7e89dd4ba591f8f064797643</subfield>
    <subfield code="y">Fot-794v</subfield>
  </datafield>
  <datafield tag="856" ind1=" " ind2=" ">
    <subfield code="u">https://archivoybiblioteca.realacademiabellasartessanfernando.com/cgi-bin/koha/opac-retrieve-file.pl?id=13988c7b4ffc4672a3ac0ef7713970f3</subfield>
    <subfield code="y">Fot-795r</subfield>
  </datafield>
  <datafield tag="856" ind1=" " ind2=" ">
    <subfield code="u">https://archivoybiblioteca.realacademiabellasartessanfernando.com/cgi-bin/koha/opac-retrieve-file.pl?id=0b92072c38e5da1f5c22e8ccc0d144db</subfield>
    <subfield code="y">Fot-795v</subfield>
  </datafield>
  <datafield tag="856" ind1=" " ind2=" ">
    <subfield code="u">https://archivoybiblioteca.realacademiabellasartessanfernando.com/cgi-bin/koha/opac-retrieve-file.pl?id=b16f636b73ae13bc8557185313d7ccbc</subfield>
    <subfield code="y">Fot-796r</subfield>
  </datafield>
  <datafield tag="856" ind1=" " ind2=" ">
    <subfield code="u">https://archivoybiblioteca.realacademiabellasartessanfernando.com/cgi-bin/koha/opac-retrieve-file.pl?id=2d769104ba4dc4e4cb0af765e1803f6c</subfield>
    <subfield code="y">Fot-796v</subfield>
  </datafield>
  <datafield tag="942" ind1=" " ind2=" ">
    <subfield code="c">FOTOGRAF&#xCD;A</subfield>
    <subfield code="n">0</subfield>
  </datafield>
  <datafield tag="952" ind1=" " ind2=" ">
    <subfield code="0">0</subfield>
    <subfield code="1">0</subfield>
    <subfield code="2">ddc</subfield>
    <subfield code="4">0</subfield>
    <subfield code="7">0</subfield>
    <subfield code="8">FOTOGRAFIA</subfield>
    <subfield code="a">RABASF</subfield>
    <subfield code="b">RABASF</subfield>
    <subfield code="c">DP2</subfield>
    <subfield code="d">2026-04-22</subfield>
    <subfield code="l">0</subfield>
    <subfield code="o">Fot-781</subfield>
    <subfield code="p">1097106</subfield>
    <subfield code="r">2026-04-22 13:38:53</subfield>
    <subfield code="w">2026-04-22</subfield>
    <subfield code="y">FOTOGRAF&#xCD;A</subfield>
  </datafield>
  <datafield tag="952" ind1=" " ind2=" ">
    <subfield code="0">0</subfield>
    <subfield code="1">0</subfield>
    <subfield code="2">ddc</subfield>
    <subfield code="4">0</subfield>
    <subfield code="7">0</subfield>
    <subfield code="8">FOTOGRAFIA</subfield>
    <subfield code="a">RABASF</subfield>
    <subfield code="b">RABASF</subfield>
    <subfield code="c">DP2</subfield>
    <subfield code="d">2026-04-22</subfield>
    <subfield code="l">0</subfield>
    <subfield code="o">Fot-782</subfield>
    <subfield code="p">1097107</subfield>
    <subfield code="r">2026-04-22 13:38:53</subfield>
    <subfield code="w">2026-04-22</subfield>
    <subfield code="y">FOTOGRAF&#xCD;A</subfield>
  </datafield>
  <datafield tag="952" ind1=" " ind2=" ">
    <subfield code="0">0</subfield>
    <subfield code="1">0</subfield>
    <subfield code="2">ddc</subfield>
    <subfield code="4">0</subfield>
    <subfield code="7">0</subfield>
    <subfield code="8">FOTOGRAFIA</subfield>
    <subfield code="a">RABASF</subfield>
    <subfield code="b">RABASF</subfield>
    <subfield code="c">DP2</subfield>
    <subfield code="d">2026-04-22</subfield>
    <subfield code="l">0</subfield>
    <subfield code="o">Fot-783</subfield>
    <subfield code="p">1097108</subfield>
    <subfield code="r">2026-04-22 13:38:53</subfield>
    <subfield code="w">2026-04-22</subfield>
    <subfield code="y">FOTOGRAF&#xCD;A</subfield>
  </datafield>
  <datafield tag="952" ind1=" " ind2=" ">
    <subfield code="0">0</subfield>
    <subfield code="1">0</subfield>
    <subfield code="2">ddc</subfield>
    <subfield code="4">0</subfield>
    <subfield code="7">0</subfield>
    <subfield code="8">FOTOGRAFIA</subfield>
    <subfield code="a">RABASF</subfield>
    <subfield code="b">RABASF</subfield>
    <subfield code="c">DP2</subfield>
    <subfield code="d">2026-04-22</subfield>
    <subfield code="l">0</subfield>
    <subfield code="o">Fot-784</subfield>
    <subfield code="p">1097109</subfield>
    <subfield code="r">2026-04-22 13:38:53</subfield>
    <subfield code="w">2026-04-22</subfield>
    <subfield code="y">FOTOGRAF&#xCD;A</subfield>
  </datafield>
  <datafield tag="952" ind1=" " ind2=" ">
    <subfield code="0">0</subfield>
    <subfield code="1">0</subfield>
    <subfield code="2">ddc</subfield>
    <subfield code="4">0</subfield>
    <subfield code="7">0</subfield>
    <subfield code="8">FOTOGRAFIA</subfield>
    <subfield code="a">RABASF</subfield>
    <subfield code="b">RABASF</subfield>
    <subfield code="c">DP2</subfield>
    <subfield code="d">2026-04-22</subfield>
    <subfield code="l">0</subfield>
    <subfield code="o">Fot-785</subfield>
    <subfield code="p">1097110</subfield>
    <subfield code="r">2026-04-22 13:38:53</subfield>
    <subfield code="w">2026-04-22</subfield>
    <subfield code="y">FOTOGRAF&#xCD;A</subfield>
  </datafield>
  <datafield tag="952" ind1=" " ind2=" ">
    <subfield code="0">0</subfield>
    <subfield code="1">0</subfield>
    <subfield code="2">ddc</subfield>
    <subfield code="4">0</subfield>
    <subfield code="7">0</subfield>
    <subfield code="8">FOTOGRAFIA</subfield>
    <subfield code="a">RABASF</subfield>
    <subfield code="b">RABASF</subfield>
    <subfield code="c">DP2</subfield>
    <subfield code="d">2026-04-22</subfield>
    <subfield code="l">0</subfield>
    <subfield code="o">Fot-786</subfield>
    <subfield code="p">1097111</subfield>
    <subfield code="r">2026-04-22 13:38:53</subfield>
    <subfield code="w">2026-04-22</subfield>
    <subfield code="y">FOTOGRAF&#xCD;A</subfield>
  </datafield>
  <datafield tag="952" ind1=" " ind2=" ">
    <subfield code="0">0</subfield>
    <subfield code="1">0</subfield>
    <subfield code="2">ddc</subfield>
    <subfield code="4">0</subfield>
    <subfield code="7">0</subfield>
    <subfield code="8">FOTOGRAFIA</subfield>
    <subfield code="a">RABASF</subfield>
    <subfield code="b">RABASF</subfield>
    <subfield code="c">DP2</subfield>
    <subfield code="d">2026-04-22</subfield>
    <subfield code="l">0</subfield>
    <subfield code="o">Fot-787</subfield>
    <subfield code="p">1097112</subfield>
    <subfield code="r">2026-04-22 13:38:53</subfield>
    <subfield code="w">2026-04-22</subfield>
    <subfield code="y">FOTOGRAF&#xCD;A</subfield>
  </datafield>
  <datafield tag="952" ind1=" " ind2=" ">
    <subfield code="0">0</subfield>
    <subfield code="1">0</subfield>
    <subfield code="2">ddc</subfield>
    <subfield code="4">0</subfield>
    <subfield code="7">0</subfield>
    <subfield code="8">FOTOGRAFIA</subfield>
    <subfield code="a">RABASF</subfield>
    <subfield code="b">RABASF</subfield>
    <subfield code="c">DP2</subfield>
    <subfield code="d">2026-04-22</subfield>
    <subfield code="l">0</subfield>
    <subfield code="o">Fot-788</subfield>
    <subfield code="p">1097113</subfield>
    <subfield code="r">2026-04-22 13:38:53</subfield>
    <subfield code="w">2026-04-22</subfield>
    <subfield code="y">FOTOGRAF&#xCD;A</subfield>
  </datafield>
  <datafield tag="952" ind1=" " ind2=" ">
    <subfield code="0">0</subfield>
    <subfield code="1">0</subfield>
    <subfield code="2">ddc</subfield>
    <subfield code="4">0</subfield>
    <subfield code="7">0</subfield>
    <subfield code="8">FOTOGRAFIA</subfield>
    <subfield code="a">RABASF</subfield>
    <subfield code="b">RABASF</subfield>
    <subfield code="c">DP2</subfield>
    <subfield code="d">2026-04-22</subfield>
    <subfield code="l">0</subfield>
    <subfield code="o">Fot-789</subfield>
    <subfield code="p">1097114</subfield>
    <subfield code="r">2026-04-22 13:38:53</subfield>
    <subfield code="w">2026-04-22</subfield>
    <subfield code="y">FOTOGRAF&#xCD;A</subfield>
  </datafield>
  <datafield tag="952" ind1=" " ind2=" ">
    <subfield code="0">0</subfield>
    <subfield code="1">0</subfield>
    <subfield code="2">ddc</subfield>
    <subfield code="4">0</subfield>
    <subfield code="7">0</subfield>
    <subfield code="8">FOTOGRAFIA</subfield>
    <subfield code="a">RABASF</subfield>
    <subfield code="b">RABASF</subfield>
    <subfield code="c">DP2</subfield>
    <subfield code="d">2026-04-22</subfield>
    <subfield code="l">0</subfield>
    <subfield code="o">Fot-790</subfield>
    <subfield code="p">1097115</subfield>
    <subfield code="r">2026-04-22 13:38:53</subfield>
    <subfield code="w">2026-04-22</subfield>
    <subfield code="y">FOTOGRAF&#xCD;A</subfield>
  </datafield>
  <datafield tag="952" ind1=" " ind2=" ">
    <subfield code="0">0</subfield>
    <subfield code="1">0</subfield>
    <subfield code="2">ddc</subfield>
    <subfield code="4">0</subfield>
    <subfield code="7">0</subfield>
    <subfield code="8">FOTOGRAFIA</subfield>
    <subfield code="a">RABASF</subfield>
    <subfield code="b">RABASF</subfield>
    <subfield code="c">DP2</subfield>
    <subfield code="d">2026-04-22</subfield>
    <subfield code="l">0</subfield>
    <subfield code="o">Fot-791</subfield>
    <subfield code="p">1097116</subfield>
    <subfield code="r">2026-04-22 13:38:53</subfield>
    <subfield code="w">2026-04-22</subfield>
    <subfield code="y">FOTOGRAF&#xCD;A</subfield>
  </datafield>
  <datafield tag="952" ind1=" " ind2=" ">
    <subfield code="0">0</subfield>
    <subfield code="1">0</subfield>
    <subfield code="2">ddc</subfield>
    <subfield code="4">0</subfield>
    <subfield code="7">0</subfield>
    <subfield code="8">FOTOGRAFIA</subfield>
    <subfield code="a">RABASF</subfield>
    <subfield code="b">RABASF</subfield>
    <subfield code="c">DP2</subfield>
    <subfield code="d">2026-04-22</subfield>
    <subfield code="l">0</subfield>
    <subfield code="o">Fot-792</subfield>
    <subfield code="p">1097117</subfield>
    <subfield code="r">2026-04-22 13:38:53</subfield>
    <subfield code="w">2026-04-22</subfield>
    <subfield code="y">FOTOGRAF&#xCD;A</subfield>
  </datafield>
  <datafield tag="952" ind1=" " ind2=" ">
    <subfield code="0">0</subfield>
    <subfield code="1">0</subfield>
    <subfield code="2">ddc</subfield>
    <subfield code="4">0</subfield>
    <subfield code="7">0</subfield>
    <subfield code="8">FOTOGRAFIA</subfield>
    <subfield code="a">RABASF</subfield>
    <subfield code="b">RABASF</subfield>
    <subfield code="c">DP2</subfield>
    <subfield code="d">2026-04-22</subfield>
    <subfield code="l">0</subfield>
    <subfield code="o">Fot-793</subfield>
    <subfield code="p">1097118</subfield>
    <subfield code="r">2026-04-22 13:38:53</subfield>
    <subfield code="w">2026-04-22</subfield>
    <subfield code="y">FOTOGRAF&#xCD;A</subfield>
  </datafield>
  <datafield tag="952" ind1=" " ind2=" ">
    <subfield code="0">0</subfield>
    <subfield code="1">0</subfield>
    <subfield code="2">ddc</subfield>
    <subfield code="4">0</subfield>
    <subfield code="7">0</subfield>
    <subfield code="8">FOTOGRAFIA</subfield>
    <subfield code="a">RABASF</subfield>
    <subfield code="b">RABASF</subfield>
    <subfield code="c">DP2</subfield>
    <subfield code="d">2026-04-22</subfield>
    <subfield code="l">0</subfield>
    <subfield code="o">Fot-794</subfield>
    <subfield code="p">1097119</subfield>
    <subfield code="r">2026-04-22 13:38:53</subfield>
    <subfield code="w">2026-04-22</subfield>
    <subfield code="y">FOTOGRAF&#xCD;A</subfield>
  </datafield>
  <datafield tag="952" ind1=" " ind2=" ">
    <subfield code="0">0</subfield>
    <subfield code="1">0</subfield>
    <subfield code="2">ddc</subfield>
    <subfield code="4">0</subfield>
    <subfield code="7">0</subfield>
    <subfield code="8">FOTOGRAFIA</subfield>
    <subfield code="a">RABASF</subfield>
    <subfield code="b">RABASF</subfield>
    <subfield code="c">DP2</subfield>
    <subfield code="d">2026-04-22</subfield>
    <subfield code="l">0</subfield>
    <subfield code="o">Fot-795</subfield>
    <subfield code="p">1097120</subfield>
    <subfield code="r">2026-04-22 13:38:53</subfield>
    <subfield code="w">2026-04-22</subfield>
    <subfield code="y">FOTOGRAF&#xCD;A</subfield>
  </datafield>
  <datafield tag="952" ind1=" " ind2=" ">
    <subfield code="0">0</subfield>
    <subfield code="1">0</subfield>
    <subfield code="2">ddc</subfield>
    <subfield code="4">0</subfield>
    <subfield code="7">0</subfield>
    <subfield code="8">FOTOGRAFIA</subfield>
    <subfield code="a">RABASF</subfield>
    <subfield code="b">RABASF</subfield>
    <subfield code="c">DP2</subfield>
    <subfield code="d">2026-04-22</subfield>
    <subfield code="l">0</subfield>
    <subfield code="o">Fot-796</subfield>
    <subfield code="p">1097121</subfield>
    <subfield code="r">2026-04-22 13:38:53</subfield>
    <subfield code="w">2026-04-22</subfield>
    <subfield code="y">FOTOGRAF&#xCD;A</subfield>
  </datafield>
  <datafield tag="999" ind1=" " ind2=" ">
    <subfield code="c">85835</subfield>
    <subfield code="d">85835</subfield>
  </datafield>
</record>
